[Event "Karlsruhe Grenke op"]
[Site "Karlsruhe"]
[Date "2024.03.29"]
[Round "2"]
[White "Yoo, Christopher Woojin"]
[Black "Kurmangaliyeva, Liya"]
[Result "1-0"]
[WhiteElo "2583"]
[BlackElo "2240"]
[PlyCount "81"]
[EventDate "2024.03.28"]
[EventType "swiss"]
[EventRounds "9"]
[EventCountry "GER"]
[SourceTitle "CB14_2024"]
[SourceDate "2024.04.01"]
[SourceVersion "1"]
[SourceVersionDate "2024.04.01"]
[SourceQuality "1"]

1. e4 e5 2. Nf3 Nc6 3. Bc4 Bc5 4. b4 Be7 5. c3 Nf6 6. d3 d5 7. exd5 Nxd5 8. Qb3 Be6 9. 0-0 0-0 10. Re1 Re8 11. Nbd2 h6 12. Bb2 Qd7 13. Nxe5 Nxe5 14. Rxe5 Rad8 15. Rae1 b5 16. Bxd5 Bxd5 17. c4 Be6 18. R5e3 Bg5 19. Qc3 Bf6 20. Qc1 Bxb2 21. Qxb2 bxc4 22. Ne4 Qd4 23. Qd2 cxd3 24. Nc5 Qc4 25. Nxd3 Rd4 26. Rg3 Kh7 27. Qb2 Red8 28. a3 Bf5 29. Ne5 Qd5 30. Nf3 Rg4 31. Qc3 Rxg3 32. hxg3 Rd7 33. Qe3 a6 34. a4 Bc2 35. a5 Bg6 36. g4 f6 37. Nh4 Qd4 38. Qe6 Rd6 39. Qc8 Qxb4 40. Rc1 Qf4 41. Qh8+ 1-0

[Event "Tashkent (Women) 2nd"]
[Site "Tashkent"]
[Date "2024.03.11"]
[Round "8"]
[White "Mkrtchyan, Mariam"]
[Black "Kurmangaliyeva, Liya"]
[Result "1-0"]
[WhiteElo "2352"]
[BlackElo "2240"]
[PlyCount "105"]
[EventDate "2024.03.06"]
[EventType "swiss"]
[EventRounds "9"]
[EventCountry "UZB"]
[SourceTitle "CB12_2024"]
[SourceDate "2023.10.01"]
[SourceVersion "1"]
[SourceVersionDate "2023.10.01"]
[SourceQuality "1"]

1. d4 d5 2. Nf3 Nf6 3. c4 e6 4. Nc3 c6 5. g3 Nbd7 6. Bg2 dxc4 7. 0-0 Be7 8. e4 0-0 9. a4 e5 10. a5 Bd6 11. Be3 Ng4 12. Qa4 exd4 13. Bxd4 Nde5 14. Nxe5 Bxe5 15. Bc5 Re8 16. Qxc4 Be6 17. Qb4 Qd2 18. h3 Bxc3 19. Qxc3 Qxc3 20. bxc3 Nf6 21. Rfb1 Nd7 22. Bd6 b5 23. e5 Rac8 24. a6 Bc4 25. f4 f6 26. Re1 Kf7 27. Rad1 Nb6 28. exf6 gxf6 29. Rxe8 Rxe8 30. Bxc6 Rd8 31. Rd4 b4 32. cxb4 Bxa6 33. g4 Bc4 34. Kf2 Kg6 35. Be4+ Kg7 36. g5 Re8 37. gxf6+ Kxf6 38. Be5+ Kf7 39. Bxh7 Be6 40. h4 Bg4 41. Kg3 Bh5 42. Bc2 Rg8+ 43. Kf2 Rc8 44. Bb3+ Ke7 45. f5 Ke8 46. Bg7 Rc7 47. Re4+ Kd8 48. Bf6+ Kc8 49. Re7 Rxe7 50. Bxe7 Kd7 51. Bc5 Ke8 52. Kg3 Nd7 53. Bxa7 1-0

[Event "Titled Tuesday intern op 13th Feb Early"]
[Site "Chess.com INT"]
[Date "2024.02.13"]
[Round "1"]
[White "Lorenzo de la Riva, Lazaro"]
[Black "Kurmangaliyeva, Liya"]
[Result "0-1"]
[WhiteElo "2426"]
[BlackElo "2240"]
[PlyCount "96"]
[EventDate "2024.02.13"]
[EventType "swiss (blitz)"]
[EventRounds "11"]
[EventCountry "USA"]
[SourceTitle "CB08_2024"]
[SourceDate "2024.02.21"]
[SourceVersion "1"]
[SourceVersionDate "2024.02.21"]
[SourceQuality "1"]

1. e4 c5 2. Nf3 Nc6 3. Bb5 g6 4. 0-0 Bg7 5. Re1 Nf6 6. c3 0-0 7. h3 e5 8. d4 cxd4 9. cxd4 exd4 10. e5 Ne8 11. Bg5 Qc7 12. Nbd2 h6 13. Bf4 Qb6 14. Bc4 Nc7 15. Ne4 d5 16. exd6 Ne6 17. Bg3 Bd7 18. Rb1 Rac8 19. Bb3 Na5 20. Ne5 Rcd8 21. Nxd7 Rxd7 22. Bxe6 fxe6 23. Qg4 Kh7 24. Qxe6 Rdf7 25. h4 Nc6 26. h5 gxh5 27. d7 Nd8 28. Qxb6 axb6 29. Bd6 Rg8 30. Rbd1 Rxd7 31. Bf4 Nc6 32. Nd2 Rf8 33. Bg3 Rff7 34. Nc4 b5 35. Nd6 Rf6 36. Nxb5 Rf5 37. Nd6 Rd5 38. Ne4 d3 39. Nc3 Rd4 40. Nb5 Rb4 41. Nc7 Rxb2 42. Ne6 d2 43. Re2 Bc3 44. Nf4 Nd4 45. Re4 Rc2 46. Nd3 Nc6 47. Nf4 Rc1 48. Rde1 dxe1Q+ 0-1

[Event "Titled Tuesday intern op 06th Feb Early"]
[Site "Chess.com INT"]
[Date "2024.02.06"]
[Round "11"]
[White "Kurmangaliyeva, Liya"]
[Black "Cordoba Roa, Angel Gabriel"]
[Result "0-1"]
[WhiteElo "2240"]
[BlackElo "2312"]
[PlyCount "76"]
[EventDate "2024.02.06"]
[EventType "swiss (blitz)"]
[EventRounds "11"]
[EventCountry "USA"]
[SourceTitle "CB07_2024"]
[SourceDate "2024.02.14"]
[SourceVersion "1"]
[SourceVersionDate "2024.02.14"]
[SourceQuality "1"]

1. d4 Nf6 2. Nf3 d5 3. c4 e6 4. g3 dxc4 5. Bg2 a6 6. 0-0 Nc6 7. Qd2 Bb4 8. Qc2 b5 9. Rd1 Bd7 10. a4 Rb8 11. e4 0-0 12. Bg5 Be7 13. Qe2 Re8 14. Na3 h6 15. Bf4 Nb4 16. Ne5 Qc8 17. h4 Bd6 18. h5 Nh7 19. Qf3 Rf8 20. Ng4 Bxf4 21. Qxf4 Kh8 22. Rac1 Na2 23. Rc2 Nb4 24. Rcd2 Qd8 25. e5 Qg5 26. Ne3 Qxf4 27. gxf4 c6 28. f5 Nd5 29. Nxd5 cxd5 30. f4 b4 31. Nb1 Bxa4 32. Re1 Rfc8 33. Rf2 c3 34. bxc3 bxc3 35. Rc1 c2 36. Na3 Rb2 37. Bf1 Ra2 38. Bxa6 Ra8 0-1

[Event "Titled Tuesday intern op 16th Jan Early"]
[Site "Chess.com INT"]
[Date "2024.01.16"]
[Round "2"]
[White "Ioannidis, Evgenios"]
[Black "Kurmangaliyeva, Liya"]
[Result "0-1"]
[WhiteElo "2519"]
[BlackElo "2240"]
[PlyCount "56"]
[EventDate "2024.01.16"]
[EventType "swiss (blitz)"]
[EventRounds "11"]
[EventCountry "USA"]
[SourceTitle "CB04_2024"]
[SourceDate "2023.10.16"]
[SourceVersion "1"]
[SourceVersionDate "2023.10.16"]
[SourceQuality "1"]

1. d4 d5 2. c4 dxc4 3. e3 Nf6 4. Bxc4 e6 5. Nf3 c5 6. 0-0 a6 7. Re1 Nc6 8. Nc3 b5 9. Bd3 Bb7 10. a4 b4 11. Ne4 Qa5 12. Bd2 Rd8 13. Nxf6+ gxf6 14. Be4 f5 15. Bxc6+ Bxc6 16. Ne5 Bb7 17. Qh5 Qc7 18. Rac1 a5 19. f4 Bd6 20. Re2 Bxe5 21. Rxc5 Qd7 22. Rxe5 Bd5 23. Qxf5 Qxa4 24. Qf6 Rg8 25. f5 Qd1+ 26. Re1 Rxg2+ 27. Kh1 Qxd2 28. Rxd5 Rxh2+ 0-1

[Event "Titled Tuesday intern op 09th Jan Early"]
[Site "Chess.com INT"]
[Date "2024.01.09"]
[Round "4"]
[White "Bogaudinov, Rushan"]
[Black "Kurmangaliyeva, Liya"]
[Result "0-1"]
[WhiteElo "1853"]
[BlackElo "2240"]
[PlyCount "164"]
[EventDate "2024.01.09"]
[EventType "swiss (blitz)"]
[EventRounds "11"]
[EventCountry "USA"]
[SourceTitle "CB03_2024"]
[SourceDate "2024.01.17"]
[SourceVersion "1"]
[SourceVersionDate "2024.01.17"]
[SourceQuality "1"]

1. e4 c5 2. Nf3 d6 3. g3 Nc6 4. Bg2 g6 5. 0-0 Bg7 6. c3 e5 7. Na3 Nge7 8. Nc2 0-0 9. d4 exd4 10. cxd4 Bg4 11. Be3 Qb6 12. dxc5 dxc5 13. Rb1 Rad8 14. Qe1 Nd4 15. Ncxd4 cxd4 16. Bg5 Rfe8 17. Qd2 Rd7 18. h3 Be6 19. b3 Nc6 20. Bf4 Qb4 21. Rfd1 Qxd2 22. Rxd2 h6 23. h4 Bg4 24. Ne1 Bf8 25. f3 Be6 26. Nd3 Red8 27. Bf1 Nb4 28. Nxb4 Bxb4 29. Rd3 Rc8 30. Bxh6 Rc2 31. a3 Bxa3 32. Rd2 Rxd2 33. Bxd2 Bc5 34. Bd3 Bb6 35. Kf2 Rc7 36. f4 f5 37. Kf3 Kf7 38. Rh1 Kf6 39. h5 Rh7 40. h6 Bxb3 41. g4 fxg4+ 42. Kxg4 Be6+ 43. Kf3 Bc5 44. e5+ Kf7 45. Be4 b6 46. Bc1 a5 47. Bd2 a4 48. Ra1 Bb3 49. Rc1 Rxh6 50. f5 Rh3+ 51. Kg4 Rh2 52. fxg6+ Kg7 53. Bg5 Be6+ 54. Bf5 Rg2+ 55. Kf3 Rxg5 56. Bxe6 Rxe5 57. Bd7 Kxg6 58. Bxa4 Re3+ 59. Kf4 Bd6+ 60. Kg4 Bc5 61. Bb5 Kf6 62. Rb1 Ke5 63. Bc4 Ke4 64. Rb5 d3 65. Rb3 Kd4 66. Bxd3 Rxd3 67. Rb1 Kc3 68. Kf4 Kc4 69. Ke4 Rc3 70. Ra1 b5 71. Rb1 b4 72. Rb2 b3 73. Rb1 Rc2 74. Ke5 Kc3 75. Ke4 Ba3 76. Ke3 Rc1 77. Rxb3+ Kxb3 78. Kd2 Rc7 79. Kd3 Rd7+ 80. Ke4 Kc4 81. Ke5 Re7+ 82. Kf6 Kd5 0-1

[Event "Titled Tuesday intern op 09th Jan Early"]
[Site "Chess.com INT"]
[Date "2024.01.09"]
[Round "3"]
[White "Kurmangaliyeva, Liya"]
[Black "Fedoseev, Vladimir1"]
[Result "0-1"]
[WhiteElo "2240"]
[BlackElo "2690"]
[PlyCount "110"]
[EventDate "2024.01.09"]
[EventType "swiss (blitz)"]
[EventRounds "11"]
[EventCountry "USA"]
[SourceTitle "CB03_2024"]
[SourceDate "2024.01.17"]
[SourceVersion "1"]
[SourceVersionDate "2024.01.17"]
[SourceQuality "1"]

1. d4 d5 2. Nf3 Nf6 3. c4 c6 4. Nc3 e6 5. e3 Be7 6. Qc2 0-0 7. Bd3 dxc4 8. Bxc4 c5 9. 0-0 cxd4 10. Nxd4 Bd7 11. Rd1 Qc8 12. Be2 Nc6 13. Ndb5 a6 14. Nd6 Qc7 15. Nce4 Nd5 16. Nc4 b5 17. Ncd2 Nd4 18. Qxc7 Nxe2+ 19. Kf1 Nxc7 20. Kxe2 b4 21. Nb3 Bb5+ 22. Ke1 Bc6 23. f3 a5 24. Bd2 Bd5 25. Nd4 e5 26. Nf5 Bd8 27. b3 g6 28. Nfd6 f5 29. Ng3 Ra6 30. Nc4 Bxc4 31. bxc4 Ne6 32. Rac1 Nc5 33. Ke2 Be7 34. Be1 Kf7 35. e4 f4 36. Nf1 Ke6 37. Bf2 Na4 38. Be1 Rc8 39. Rd5 Nb6 40. Rb5 Nxc4 41. Nd2 Nd6 42. Rxc8 Nxb5 43. Rb8 Nd4+ 44. Kd3 a4 45. Nc4 b3 46. axb3 Nxb3 47. Bc3 Nc5+ 48. Kc2 Nd7 49. Rb7 Rc6 50. Nb2 a3 51. Nd3 Nb6 52. Ra7 Nc4 53. Kb3 Bd6 54. Bb4 Nb2 55. Nxb2 axb2 0-1

[Event "Titled Tuesday intern op 09th Jan Early"]
[Site "Chess.com INT"]
[Date "2024.01.09"]
[Round "9"]
[White "Srihari, LR."]
[Black "Kurmangaliyeva, Liya"]
[Result "1/2-1/2"]
[WhiteElo "2469"]
[BlackElo "2240"]
[PlyCount "101"]
[EventDate "2024.01.09"]
[EventType "swiss (blitz)"]
[EventRounds "11"]
[EventCountry "USA"]
[SourceTitle "CB03_2024"]
[SourceDate "2024.01.17"]
[SourceVersion "1"]
[SourceVersionDate "2024.01.17"]
[SourceQuality "1"]

1. c4 e6 2. Nf3 d5 3. e3 Nf6 4. Nc3 Nbd7 5. b3 c6 6. Bb2 Bd6 7. d4 0-0 8. Bd3 Qe7 9. 0-0 b6 10. e4 dxc4 11. bxc4 e5 12. Ne2 Bb7 13. Re1 Rfe8 14. h3 Bc7 15. Rc1 Rad8 16. Bb1 exd4 17. Nexd4 Ne5 18. Qc2 c5 19. Nf5 Nxf3+ 20. gxf3 Qe6 21. Qc3 Be5 22. Qxe5 Qxe5 23. Bxe5 Rxe5 24. Red1 Rxd1+ 25. Rxd1 g6 26. Nd6 Ba6 27. f4 Re6 28. e5 Ne8 29. Be4 Kf8 30. Bc6 Nc7 31. Bd5 Re7 32. Bxf7 b5 33. cxb5 Bxb5 34. Bb3 Bd7 35. Kg2 Be6 36. Kg3 Bxb3 37. axb3 Ne6 38. Rd5 Rc7 39. f5 gxf5 40. Nxf5 c4 41. bxc4 Rxc4 42. Rd7 Ng5 43. Rxa7 Rc3+ 44. Kg4 Nxh3 45. f4 Nf2+ 46. Kh4 Rh3+ 47. Kg5 Ne4+ 48. Kg4 Nf2+ 49. Kg5 Ne4+ 50. Kg4 Nf2+ 51. Kg5 1/2-1/2

[Event "Wch Blitz (Women)"]
[Site "Samarkand"]
[Date "2023.12.30"]
[Round "12"]
[White "Kurmangaliyeva, Liya"]
[Black "Bivol, Alina"]
[Result "0-1"]
[WhiteElo "2261"]
[BlackElo "2359"]
[PlyCount "86"]
[EventDate "2023.12.29"]
[EventType "swiss (blitz)"]
[EventRounds "17"]
[EventCountry "UZB"]
[SourceTitle "CB01_2024"]
[SourceDate "2024.01.03"]
[SourceVersion "1"]
[SourceVersionDate "2024.01.03"]
[SourceQuality "1"]

1. e4 e6 2. d4 d5 3. e5 c5 4. c3 Nc6 5. Nf3 Bd7 6. Be2 Rc8 7. 0-0 a6 8. Na3 cxd4 9. cxd4 Bxa3 10. bxa3 Nge7 11. a4 Nb4 12. Qb3 a5 13. a3 Nbc6 14. Qxb7 Rb8 15. Qa6 Rb3 16. Bd1 Rb6 17. Qd3 Bc8 18. Re1 Ba6 19. Qd2 0-0 20. Bc2 h6 21. Qf4 Qc7 22. Qg4 Kh8 23. Qh3 Ng8 24. Be3 Rb2 25. Rac1 Nce7 26. Bd3 Qb7 27. Bxa6 Qxa6 28. Rc7 Qd3 29. Qh4 Nf5 30. Qg4 Qxa3 31. h4 Qxa4 32. Rec1 Nxe3 33. fxe3 Qa3 34. Qf4 Re2 35. R7c3 Qb2 36. Qg4 Ne7 37. Nh2 Nf5 38. Nf1 a4 39. Rc8 Rxc8 40. Rxc8+ Kh7 41. Ra8 a3 42. Qh5 Rxg2+ 43. Kh1 Qf2 0-1

[Event "Wch Blitz (Women)"]
[Site "Samarkand"]
[Date "2023.12.30"]
[Round "11"]
[White "Tokhirjonova, Gulruhbegim"]
[Black "Kurmangaliyeva, Liya"]
[Result "1-0"]
[WhiteElo "2370"]
[BlackElo "2261"]
[PlyCount "111"]
[EventDate "2023.12.29"]
[EventType "swiss (blitz)"]
[EventRounds "17"]
[EventCountry "UZB"]
[SourceTitle "CB01_2024"]
[SourceDate "2024.01.03"]
[SourceVersion "1"]
[SourceVersionDate "2024.01.03"]
[SourceQuality "1"]

1. e4 c5 2. Nf3 e6 3. Nc3 Nc6 4. d4 cxd4 5. Nxd4 a6 6. Be2 Nf6 7. Nxc6 bxc6 8. e5 Nd5 9. Ne4 Qc7 10. f4 c5 11. c4 Nb4 12. 0-0 Bb7 13. Bf3 Nc6 14. Be3 Nd4 15. Bxd4 cxd4 16. Qxd4 Bxe4 17. Qxe4 Rc8 18. b3 Bc5+ 19. Kh1 0-0 20. f5 exf5 21. Qxf5 g6 22. Qf6 Qd8 23. Qf4 Qe7 24. Bd5 Kg7 25. Rae1 Bb4 26. Re4 f5 27. Re2 a5 28. h3 Rce8 29. Qd4 Bc5 30. Qd2 Bb4 31. Qb2 Kh6 32. Rf3 Qg5 33. a3 Bc5 34. b4 axb4 35. axb4 Rb8 36. Rb3 Be7 37. c5 f4 38. Qc2 Rf5 39. Qe4 Re8 40. Qd4 Bf8 41. Bf3 Rfxe5 42. Rbb2 Re3 43. Qxd7 Bg7 44. Rbc2 Qg3 45. Qxe8 Rxe8 46. Rxe8 Bd4 47. Ree2 Qg5 48. c6 Bb6 49. c7 Bxc7 50. Rxc7 Qb5 51. Re4 Qf1+ 52. Kh2 Qf2 53. Rc1 Qd2 54. Rce1 Kg5 55. b5 Kh4 56. Rxf4+ 1-0

[Event "Wch Blitz (Women)"]
[Site "Samarkand"]
[Date "2023.12.29"]
[Round "8"]
[White "Kurmangaliyeva, Liya"]
[Black "Getman, Tatyana"]
[Result "1/2-1/2"]
[WhiteElo "2261"]
[BlackElo "2188"]
[PlyCount "167"]
[EventDate "2023.12.29"]
[EventType "swiss (blitz)"]
[EventRounds "17"]
[EventCountry "UZB"]
[SourceTitle "CB01_2024"]
[SourceDate "2024.01.03"]
[SourceVersion "1"]
[SourceVersionDate "2024.01.03"]
[SourceQuality "1"]

1. d4 Nf6 2. c4 e6 3. Nf3 d5 4. Nc3 Bb4 5. g3 dxc4 6. Bg2 0-0 7. 0-0 Nc6 8. Re1 Rb8 9. e4 b5 10. h4 Be7 11. e5 Nd5 12. Ng5 h6 13. Nge4 b4 14. Ne2 Bb7 15. Qc2 Na5 16. Bd2 Ba6 17. Rad1 Qc8 18. Nf4 Nxf4 19. Bxf4 c5 20. d5 exd5 21. Rxd5 Bb7 22. Rdd1 Qe6 23. Kh2 Rfd8 24. Bh3 Qg6 25. Bg2 Rd4 26. e6 Rbd8 27. exf7+ Qxf7 28. Qe2 Bf8 29. Kg1 Kh8 30. Be5 Rxd1 31. Rxd1 Rxd1+ 32. Qxd1 Qd5 33. Qh5 Qe6 34. Kh2 Nc6 35. Bf4 Nd4 36. Nxc5 Bxc5 37. Qxc5 Bxg2 38. Kxg2 Qe4+ 39. Kh3 Qf5+ 40. Qxf5 Nxf5 41. Be5 Ne7 42. Kg4 Nc6 43. Bf4 c3 44. bxc3 bxc3 45. Kf3 c2 46. Ke2 Nb4 47. Kd2 Nxa2 48. Kxc2 Nb4+ 49. Kb3 Nd5 50. Be5 Kh7 51. Kc4 Ne7 52. Kb5 Kg6 53. Ka6 Kf7 54. Bd4 Nc6 55. Bc5 Ke6 56. Kb7 Kd5 57. Be3 h5 58. Ka6 g6 59. Bf4 Ke4 60. Be3 Kd5 61. Bf4 Ke4 62. Be3 Kf3 63. Kb7 Ne5 64. Bxa7 Nd3 65. Kc6 Nxf2 66. Bb8 Ne4 67. Kd5 Nxg3 68. Ke6 Kg4 69. Kf6 Nf5 70. Kxg6 Nxh4+ 71. Kf6 Nf3 72. Ke6 h4 73. Kd5 h3 74. Ke4 Ng1 75. Ke3 Nf3 76. Kf2 Nh4 77. Bc7 Nf5 78. Bb8 Nd4 79. Bc7 Ne6 80. Bb8 Ng5 81. Bc7 Ne4+ 82. Kg1 Ng3 83. Bxg3 Kxg3 84. Kh1 1/2-1/2

[Event "Wch Blitz (Women)"]
[Site "Samarkand"]
[Date "2023.12.29"]
[Round "6"]
[White "Kurmangaliyeva, Liya"]
[Black "Hejazipour, Mitra"]
[Result "0-1"]
[WhiteElo "2261"]
[BlackElo "2356"]
[PlyCount "80"]
[EventDate "2023.12.29"]
[EventType "swiss (blitz)"]
[EventRounds "17"]
[EventCountry "UZB"]
[SourceTitle "CB01_2024"]
[SourceDate "2024.01.03"]
[SourceVersion "1"]
[SourceVersionDate "2024.01.03"]
[SourceQuality "1"]

1. d4 Nf6 2. c4 e6 3. Nf3 b6 4. g3 Bb4+ 5. Bd2 Bxd2+ 6. Qxd2 Ba6 7. Qc2 d5 8. cxd5 exd5 9. Bg2 0-0 10. 0-0 Re8 11. Nc3 c6 12. Rfe1 Nbd7 13. Nh4 Bb7 14. Nf5 Nf8 15. Rad1 g6 16. Nh4 Ne6 17. Qd2 Kg7 18. e4 dxe4 19. Nxe4 Nxe4 20. Bxe4 Qf6 21. Qc3 Rad8 22. Nf3 Rd6 23. Rd3 Red8 24. Red1 Nc7 25. Ne5 Nb5 26. Qe1 Nxd4 27. f4 Nb5 28. a4 Rxd3 29. Rxd3 Rxd3 30. Bxd3 Nd4 31. Be4 Qd6 32. Qe3 f6 33. Nc4 Qd7 34. Kf2 c5 35. Bxb7 Qxb7 36. Nd6 Qd7 37. Ne4 Qxa4 38. g4 Qc2+ 39. Kg3 Qxb2 40. Nc3 Qxc3 0-1

[Event "Wch Rapid (Women)"]
[Site "Samarkand"]
[Date "2023.12.27"]
[Round "5"]
[White "Naisanga Sheba Valentine"]
[Black "Kurmangaliyeva, Liya"]
[Result "0-1"]
[WhiteElo "1303"]
[BlackElo "2261"]
[PlyCount "103"]
[EventDate "2023.12.26"]
[EventType "swiss (rapid)"]
[EventRounds "11"]
[EventCountry "UZB"]
[SourceTitle "CB01_2024"]
[SourceDate "2024.01.03"]
[SourceVersion "1"]
[SourceVersionDate "2024.01.03"]
[SourceQuality "1"]

1. d4 d5 2. c4 e6 3. g3 Nf6 4. Bg2 Bb4+ 5. Bd2 Be7 6. Nf3 0-0 7. Qc2 c6 8. 0-0 Nbd7 9. cxd5 exd5 10. Nc3 Re8 11. e4 dxe4 12. Nxe4 Nxe4 13. Qxe4 Nf6 14. Qc2 Be6 15. Bc3 Bd5 16. Rfe1 Qc7 17. a3 h6 18. b4 Bd6 19. h3 Ne4 20. Bb2 a5 21. b5 cxb5 22. Qxc7 Bxc7 23. Rac1 Bd6 24. Ne5 Nf6 25. Bf1 b4 26. a4 Rec8 27. Bb5 Be6 28. Nc4 Bc7 29. h4 Nd5 30. Ne3 Nxe3 31. Rxe3 Bb6 32. Ree1 Kf8 33. Red1 Bd5 34. Kf1 Bf3 35. Rd3 Be4 36. Rd2 Rd8 37. Ke2 Rd6 38. f3 Bd5 39. Rdc2 Rdd8 40. Rd1 Bb3 41. Rcd2 Bxd1+ 42. Rxd1 Rac8 43. Rd2 Rd5 44. Ke3 Rcd8 45. g4 g6 46. Ke4 Ke7 47. f4 f5+ 48. gxf5 Rxf5 49. d5 Bc7 50. Be5 Bd6 51. Rc2 Rdf8 52. Rf2 0-1

[Event "Wch Rapid (Women)"]
[Site "Samarkand"]
[Date "2023.12.26"]
[Round "1"]
[White "Injac, Teodora"]
[Black "Kurmangaliyeva, Liya"]
[Result "1-0"]
[WhiteElo "2447"]
[BlackElo "2261"]
[PlyCount "77"]
[EventDate "2023.12.26"]
[EventType "swiss (rapid)"]
[EventRounds "11"]
[EventCountry "UZB"]
[SourceTitle "CB01_2024"]
[SourceDate "2024.01.03"]
[SourceVersion "1"]
[SourceVersionDate "2024.01.03"]
[SourceQuality "1"]

1. Nf3 d5 2. g3 Nf6 3. Bg2 c6 4. 0-0 Bg4 5. h3 Bh5 6. c4 e6 7. Qb3 Qb6 8. d3 Nbd7 9. cxd5 exd5 10. Qc2 Be7 11. e4 0-0 12. Nc3 Bb4 13. Be3 Qa5 14. Nd2 dxe4 15. dxe4 Rfe8 16. a3 Bxc3 17. bxc3 Bg6 18. Nc4 Qa6 19. Nd6 Re6 20. Rfd1 Nd5 21. Qd2 Nxe3 22. Qxe3 c5 23. Nxf7 Qa4 24. Ng5 Re7 25. h4 Rae8 26. Rd6 b6 27. f4 Nf6 28. e5 h6 29. Nf3 Ng4 30. Qd2 Be4 31. Re1 Bb7 32. Rg6 h5 33. Rd6 Qxa3 34. Ng5 Bxg2 35. Kxg2 Nf6 36. exf6 gxf6 37. Rxe7 Rxe7 38. Rxf6 Qa6 39. Qd8+ 1-0

[Event "Wch Rapid (Women)"]
[Site "Samarkand"]
[Date "2023.12.26"]
[Round "4"]
[White "Kurmangaliyeva, Liya"]
[Black "Badelka, Olga"]
[Result "0-1"]
[WhiteElo "2261"]
[BlackElo "2395"]
[PlyCount "120"]
[EventDate "2023.12.26"]
[EventType "swiss (rapid)"]
[EventRounds "11"]
[EventCountry "UZB"]
[SourceTitle "CB01_2024"]
[SourceDate "2024.01.03"]
[SourceVersion "1"]
[SourceVersionDate "2024.01.03"]
[SourceQuality "1"]

1. e4 c5 2. Nf3 Nc6 3. Bb5 e6 4. 0-0 Nge7 5. c3 a6 6. Ba4 b5 7. Bc2 c4 8. a4 Bb7 9. Na3 Ng6 10. d4 cxd3 11. Qxd3 b4 12. Nc4 a5 13. e5 Ba6 14. Re1 Bc5 15. Qe4 Bxc4 16. Qxc4 Qb6 17. Be3 Bxe3 18. Rxe3 0-0 19. Rae1 f5 20. exf6 Rxf6 21. Qd3 Rd8 22. h4 h6 23. h5 Nf8 24. Nh2 b3 25. Bb1 Qc5 26. Qe2 Rf4 27. Ng4 Rxa4 28. Rg3 Kh8 29. Nh2 Rf4 30. Qd2 Rf7 31. Rh3 Ne5 32. Qe2 d6 33. Rh4 Rf6 34. Nf1 Nf7 35. Nd2 Ng5 36. Nxb3 Qb6 37. Nd4 e5 38. Nf5 Nfe6 39. Ne3 Qc5 40. Qc2 Rdf8 41. Nd1 Rf4 42. Rxf4 Nxf4 43. Ne3 Nxh5 44. Nf5 Nf4 45. Re3 Rf6 46. Nh4 e4 47. Qb3 Rf8 48. Bxe4 Nxe4 49. Rxe4 Qg5 50. g3 Nh3+ 51. Kg2 Nxf2 52. Re2 Ng4 53. Qe6 Rd8 54. Nf5 Rf8 55. Nxd6 Qh5 56. Nf7+ Rxf7 57. Qe8+ Kh7 58. Qe4+ g6 59. Kg1 Qc5+ 60. Kg2 h5 0-1

[Event "KAZ-ch (Women)"]
[Site "Astana"]
[Date "2023.12.23"]
[Round "9"]
[White "Kurmangaliyeva, Liya"]
[Black "Popandopulo, Kristina"]
[Result "1/2-1/2"]
[WhiteElo "2261"]
[BlackElo "1865"]
[PlyCount "136"]
[EventDate "2023.12.13"]
[EventType "tourn"]
[EventRounds "9"]
[EventCountry "KAZ"]
[SourceTitle "CB52_2023"]
[SourceDate "2023.12.27"]
[SourceVersion "1"]
[SourceVersionDate "2023.12.27"]
[SourceQuality "1"]

1. e4 e5 2. Nf3 Nc6 3. Bb5 Nf6 4. 0-0 Nxe4 5. Re1 Nd6 6. Nxe5 Be7 7. Bf1 Nxe5 8. Rxe5 0-0 9. d4 Bf6 10. Re1 Re8 11. Nc3 Rxe1 12. Qxe1 c6 13. Bf4 Ne8 14. d5 d6 15. Bd3 Bxc3 16. bxc3 cxd5 17. Bg5 f6 18. Bf4 Nc7 19. c4 Ne6 20. Bg3 Nc5 21. Bf1 Be6 22. Rd1 Bf7 23. cxd5 Qc7 24. Qb4 Bg6 25. c4 Re8 26. f3 b6 27. Re1 Rxe1 28. Qxe1 Kf7 29. Qe3 Qe7 30. Qd2 Nb7 31. Bf4 Nc5 32. Kf2 Qd7 33. g4 Nb7 34. Kg3 Nc5 35. h3 Qe7 36. Kh2 Nd7 37. Bg3 Nc5 38. h4 h6 39. Bf4 Nd7 40. Kh3 Ne5 41. Qc3 Nd7 42. Bg3 Nc5 43. Bf4 Nd7 44. Qb4 Nc5 45. Qd2 Nd7 46. Kg3 Nc5 47. g5 hxg5 48. hxg5 Bf5 49. Kf2 Nd7 50. gxf6 Qxf6 51. Bg3 Ne5 52. Be2 Bd7 53. Kg2 Qf5 54. Qe3 Kf6 55. Qa3 Ke7 56. Qc3 g5 57. Qe3 Qh3+ 58. Kf2 Qf5 59. Kg1 Qf6 60. f4 gxf4 61. Bxf4 Qg6+ 62. Bg5+ Kf8 63. Kh2 Bf5 64. Qf4 Ke8 65. Qh4 Kd7 66. Bh5 Qh7 67. Kg3 Bg6 68. Bg4+ Nxg4 1/2-1/2

[Event "KAZ-ch (Women)"]
[Site "Astana"]
[Date "2023.12.22"]
[Round "8"]
[White "Davletbayeva, Madina"]
[Black "Kurmangaliyeva, Liya"]
[Result "1/2-1/2"]
[WhiteElo "2216"]
[BlackElo "2261"]
[PlyCount "167"]
[EventDate "2023.12.13"]
[EventType "tourn"]
[EventRounds "9"]
[EventCountry "KAZ"]
[SourceTitle "CB52_2023"]
[SourceDate "2023.12.27"]
[SourceVersion "1"]
[SourceVersionDate "2023.12.27"]
[SourceQuality "1"]

1. e4 e6 2. d4 d5 3. Nd2 c5 4. Ngf3 cxd4 5. Nxd4 Nc6 6. Bb5 Bd7 7. Nxc6 bxc6 8. Bd3 Qc7 9. c4 Nf6 10. exd5 cxd5 11. 0-0 Bd6 12. h3 0-0 13. b3 Bc6 14. Nf3 Rfd8 15. Qe2 dxc4 16. Bxc4 Qb7 17. Bg5 Be7 18. Rfe1 Nd5 19. Bxe7 Qxe7 20. Ne5 Bb7 21. Bxd5 Bxd5 22. Rad1 Rab8 23. Qh5 Qf6 24. Re3 g6 25. Qe2 Rbc8 26. Ng4 Qg7 27. Red3 Re8 28. Qd2 h5 29. Ne3 Bc6 30. Qa5 f5 31. Nc4 Qc7 32. Qd2 Bd5 33. Qh6 Kf7 34. Ne3 Rh8 35. Nxd5 exd5 36. Qd2 Rhd8 37. Rxd5 Rxd5 38. Qxd5+ Kg7 39. Qd7+ Kh6 40. Qxc7 Rxc7 41. Rd6 h4 42. Ra6 Rc1+ 43. Kh2 Rc7 44. f4 Kh5 45. a3 g5 46. fxg5 Kxg5 47. b4 Rb7 48. Ra5 Kf4 49. Rc5 Kg5 50. Rd5 Kf4 51. Rc5 Kg5 52. b5 Rd7 53. Rc6 Rd4 54. Ra6 Rd7 55. a4 Rb7 56. Kg1 Kf4 57. Rc6 Rd7 58. Kh2 Rd4 59. Ra6 Rd7 60. Rh6 Kg5 61. Rc6 Rd4 62. Ra6 Rd7 63. Kg1 Kf4 64. Kf2 Rd2+ 65. Kf1 Rd7 66. Ke2 Rg7 67. Kf2 Rd7 68. Rh6 Kg5 69. Rc6 Rd4 70. Ra6 Rd7 71. Ke3 Re7+ 72. Kf3 Rd7 73. Ke3 Re7+ 74. Kd4 Kf4 75. Kc5 Rg7 76. a5 Kg3 77. Rh6 f4 78. b6 axb6+ 79. axb6 Kxg2 80. Rxh4 Rf7 81. b7 Rxb7 82. Rxf4 Kxh3 83. Rb4 Rxb4 84. Kxb4 1/2-1/2

[Event "Titled Tuesday intern op 19th Dec Early"]
[Site "Chess.com INT"]
[Date "2023.12.19"]
[Round "3"]
[White "Obon Temprano, Sergi"]
[Black "Kurmangaliyeva, Liya"]
[Result "0-1"]
[WhiteElo "2194"]
[BlackElo "2261"]
[PlyCount "76"]
[EventDate "2023.12.19"]
[EventType "swiss (blitz)"]
[EventRounds "11"]
[EventCountry "USA"]
[SourceTitle "CB52_2023"]
[SourceDate "2023.12.27"]
[SourceVersion "1"]
[SourceVersionDate "2023.12.27"]
[SourceQuality "1"]

1. d4 d5 2. Nf3 Nf6 3. e3 e6 4. Bd3 Nbd7 5. 0-0 Bd6 6. b3 0-0 7. Bb2 Qe7 8. Ne5 c5 9. f4 a6 10. Nd2 b5 11. c4 dxc4 12. bxc4 b4 13. Ne4 Bb7 14. Nxd6 Qxd6 15. Qc2 Rac8 16. Rad1 Rfd8 17. dxc5 Qxc5 18. Bd4 Qc7 19. Nxd7 Rxd7 20. Be5 Qc6 21. Bxf6 gxf6 22. Bxh7+ Kg7 23. Rxd7 Qxd7 24. Be4 Bxe4 25. Qxe4 Qd2 26. f5 e5 27. h3 Qxa2 28. Rf3 Qxc4 29. Rg3+ Kf8 30. Qb7 Qc6 31. Qxb4+ Qc5 32. Qa4 a5 33. h4 Rb8 34. h5 Rb1+ 35. Kh2 Qc1 36. Rf3 Qh1+ 37. Kg3 Rb4 38. Qxa5 Qh4# 0-1